đŸŽ¶ Paroles "La dĂ©couverte ou l'ignorance" Tri Yann - Statistiques

Statistiques générales
  • Ce quiz a Ă©tĂ© pris 36 fois
  • Le rĂ©sultat moyen est 149 sur 200
Statistiques - réponses
Mots % Correct
Ă 
100%
a
100%
À
100%
d'
100%
de
100%
et
100%
Et
100%
il
100%
Il
100%
J'
100%
j'
100%
je
100%
Je
100%
l'
100%
la
100%
La
100%
Le
100%
le
100%
ma
100%
n'
100%
N'
100%
Nantes
100%
né
100%
ne
100%
oĂč
100%
ou
100%
Ou
100%
pas
100%
Qu'
100%
qu'
100%
Que
100%
que
100%
découverte
93%
Elle
93%
en
93%
est-
93%
est
93%
ignorance
93%
Mais
93%
me
93%
on
93%
se
93%
suis
93%
Suis-
93%
ils
87%
les
87%
Des
80%
des
80%
mĂȘme
80%
moi
80%
Si
80%
si
80%
une
80%
ai
73%
breton
73%
Breton ?
73%
Breton
73%
langue
73%
maternelle ?
73%
Non,
73%
non,
73%
parle
73%
pour
73%
sais-
73%
Bretagne
67%
crois
67%
donc
67%
étais
67%
ĂȘtre
67%
ĂȘtre ?
67%
importe ?
67%
nous
67%
Oui
67%
pure
67%
race
67%
sait
67%
tous
67%
vous
67%
Bretons
60%
Bretons ?
60%
dire
60%
heure,
60%
Mon
60%
Nul
60%
Seront-
60%
venu,
60%
Ăąge
53%
cesse
53%
cette
53%
chaque
53%
enfants
53%
existe
53%
fait
53%
faut
53%
génération
53%
hommes
53%
naissent
53%
reconnaissent
53%
Vraiment,
53%
alors,
47%
assume
47%
chacun,
47%
état
47%
Français
47%
ignoré
47%
perdent
47%
plus
47%
pourquoi
47%
puis
47%
situation
47%
vivre
47%
abord,
40%
appartenance
40%
civil,
40%
conscience
40%
différent
40%
instant
40%
longtemps
40%
papiers
40%
parfaitement
40%
perds
40%
Régionaliste ?
40%
revanche
40%
ailleurs
33%
méconnaßtre
33%
mieux
33%
nommé
33%
qualité
33%
renier
33%
sans
33%
surplus
33%
absolument
27%
appelons-
27%
Autonomiste ?
27%
comprenez
27%
facultative
27%
Séparatiste ?
20%
problĂšme
13%
Aucun quiz correspondant
Distribution des résultats
% des personnes avec chaque résultat
Percentile par nombre de réponses
Votre historique - résultats
Vous n’avez pas pris ce quiz